| 000 | 01133nam a22004097a 4500 | ||
|---|---|---|---|
| 001 | BR2016003524 | ||
| 003 | BR-BrBNA | ||
| 005 | 20230928104944.0 | ||
| 007 | ta | ||
| 008 | 230509b bl.||||| |||| 00| 0 por d | ||
| 040 |
_aBR-BrBNA _bpor _cBiblioteca Nacional de Agricultura |
||
| 041 | _a(Por) | ||
| 072 |
_aC20; F01 _b0332 |
||
| 090 | _ 0332 BR2016003524 | ||
| 110 | 1 |
_aBolsa de Cereais de São Paulo, SP (Brasil) _91271 |
|
| 245 | 1 | _aCurso de formação de classificador de produtos de origem vegetal: amendoim | |
| 260 | 3 |
_aSão Paulo, SP (Brasil): _c1981. |
|
| 300 | _a91 p. | ||
| 500 | _a5 ref.; Glossary p. 87-88; 65 illus.; 6 tables | ||
| 650 | _aAMENDOIM | ||
| 650 | _aARACHIS HYPOGAEA | ||
| 650 | _aPRODUTO DE ORIGEM VEGETAL | ||
| 650 | _aTAXONOMIA VEGETAL | ||
| 650 | _aVARIEDADE | ||
| 650 | _aCLIMA | ||
| 650 | _aSOLO | ||
| 650 | _aSEMEADURA | ||
| 650 | _aCOLHEITA | ||
| 650 | _aSECAGEM | ||
| 650 | _aARMAZENAMENTO | ||
| 650 | _aADUBAÇÃO | ||
| 650 | _aCALAGEM | ||
| 650 | _aROTAÇÃO DE CULTURA | ||
| 650 | _aPRAGA DE PLANTA | ||
| 909 |
_a202309 _bLucia _c55 _dLucia Elande |
||
| 942 | _cBK | ||
| 999 |
_c82628 _d82628 |
||